| 000 | 00908nam a22002177a 4500 | ||
|---|---|---|---|
| 999 |
_c13459 _d13459 |
||
| 003 | AR-CdUCM | ||
| 008 | 190415b ||||| |||| 00| 0 spa d | ||
| 040 |
_aMUNICIPALIDAD PROVINCIAL DEL CUSCO _cBIBLIOTECA MUNICIPAL DEL CUSCO |
||
| 082 |
_a332.1 / _bB21 / 1952 |
||
| 110 |
_aBanco Central Hipotecario del Perú _931884 |
||
| 245 |
_aBanco central hipotecario del Perú : _blegislación, tablas y reglamento / |
||
| 260 |
_aLima : _bBanco Central Hipotecario del Perú, _c1952. |
||
| 300 |
_a386 páginas ; _c23 cm. |
||
| 505 | _aContenido: De las acciones -- De la elección de los directores -- De la junta general y del balance anual -- Del directorio -- Del presidente del directorio -- De los pedidos del préstamo ... | ||
| 650 |
_aLegislación bancaria _931885 |
||
| 650 |
_aBancos _94353 |
||
| 650 |
_aHipotecas _931886 |
||
| 650 |
_aPerú _935 |
||
| 942 |
_2ddc _cLIBROS |
||
| 945 |
_aacv _d2019-04-15 |
||